000 00444nam a2200133 4500
999 _c14204
_d14204
008 190904b ||||| |||| 00| 0 eng d
082 _aDPer 050 T48 Apr-June 2016 v. 187 n. 12-24
100 _939362
_aLansky, Sam.
245 _aFifth harmony updates girl power for the present/
_cSam Lansky.
260 _aHong Kong:
_bTime Asia,
_cc2016.
300 _av187 n20, page 44:
_billustrations;
_c27 cm.
650 _aMusic.
_939851
942 _2ddc
_cPER